Statistics for Formula 1 A-Z

Click here to take the quiz!

General Stats

  • This quiz has been taken 64 times
  • The average score is 19 of 26

Answer Stats

HintAnswer% Correct
Brazilian three-time world champion(1988, 90, 91)
who was killed in a crash at the infamous 1994 San
Marino Grand Prix
Ayrton Senna
98%
The only constructor that has competed in every Formula
1 race
Ferrari
98%
This system, introduced in 2011, opens a flap in the rear wing
that aids in overtaking
Drag Reduction
System(DRS)
96%
Circuit located in San Marino with a rather tragic historyImola
90%
The team principal for MercedesToto Wolff
90%
F1's first Brazilian Champion, won the title in 1972 and 1974Emerson Fittipaldi
86%
Team principal for Haas and certified memelordGuenther Steiner
86%
To date the only world champion born in AfricaJody Scheckter
86%
German driver who won four straight titles from 2010 to 2013,
his first making him the youngest champion in history(last name)
Sebastian Vettel
86%
F1's only Polish driver, single win at the 2008 Canadian Grand Prix,
made an improbable return in 2019 after nearly losing his right arm
in a crash during the first stage of the 2011 Ronde di Andora Rally
Robert Kubica
84%
The only Chinese F1 driver(to date) in history, scored a fastest
lap at Japan 2022
Zhou Guanyu
84%
Legendary constructor that holds the record for most wins
by a constructor not currently active in F1
Lotus
80%
Legendary racing circuit in Germany, the track where Niki Lauda
famously suffered a nearly-fatal accident in 1976
Nurburgring
78%
Legendary "Big Three" constructor, last championship victory came
in 1997
Williams
78%
These three sessions the day before the race determine where the
drivers start on the grid
Qualifying
76%
German driver who finished runner-up in 1997 after Michael
Schumacher's controversial move at the Pacific Grand Prix resulted
in him being disqualified from the driver's championship
Heinz-Harald Frentzen
74%
The most famous circuit in F1, used in every season since 1950Monza
74%
The strategy in which a team will deliberately pit their drivers before
their rivals to give them an advantage by having fresher tires
Undercut
74%
The circuit that hosted the very first Formula 1 race(won by
Giuseppe Farina)
Silverstone
72%
British driver, second-most wins without winning the WDC(last name)David Coulthard
68%
Famous circuit in the UK that hosted the British Grand
Prix 12 times and the European Grand Prix twice from
1964 to 1986
Brands Hatch
66%
Circuit that hosted the South African Grand Prix from 1967 to 1985
and 1992 through 1993
Kyalami
64%
Longest track ever used in F1, only race held in 1957(Lap record:
9:44.6 - Stirling Moss)
Pescara
34%
Alternate name for the Red Bull Ring in the NetherlandsOsterreichring
32%
Circuit that hosted the Korean Grand Prix(2010-2013)Yeongam
28%
Controversial innovation introduced by Tyrrell on the 025 to combat
high downforce, banned the next year
X-Wings
22%

Score Distribution

Percentile by Number Answered

Percent of People with Each Score

Your Score History

You have not taken this quiz